| 000 | 00718nam a22002177a 4500 | ||
|---|---|---|---|
| 003 | OSt | ||
| 008 | 260627b |||||||| |||| 00| 0 eng d | ||
| 020 | _a9781119417422 | ||
| 082 |
_a300.28555 _bK96I |
||
| 100 | _aKulas, John | ||
| 245 | _aIBM SPSS Essentials: Managing and Analyzing Social Sciences Data/ by John Kulas, Renata Garcia Prieto Palacios Roji, Adam Smith | ||
| 260 |
_aNew Jersey: _bWiley, _c2018. |
||
| 300 | _axix, 267 p. | ||
| 650 | _aSocial sciences | ||
| 650 | _aComputer applications / Data processing | ||
| 650 | _aStatistical data analysis and management | ||
| 650 | _aIBM SPSS software | ||
| 700 | _aRoji, Renata Garcia Prieto Palacios | ||
| 700 | _aSmith, Adam | ||
| 942 |
_2ddc _cBK |
||
| 999 |
_c52395 _d52395 |
||